[Event "April 9 Early 2024"]
[Site "Chess.com"]
[Date "2024.04.10"]
[Round "10"]
[White "Schirmbeck, Lilian"]
[Black "Solovjov, Alexandr"]
[Result "0-1"]
[Board "182"]
[WhiteFideId "34620532"]
[BlackFideId "4155807"]
[WhiteTitle "WCM"]
[BlackTitle "CM"]
[WhiteElo "1654"]
[BlackElo "2218"]
[WhiteTeam "GER"]
[BlackTeam "RUS"]
[WhiteClock "0:01:25"]
[BlackClock "0:00:44"]
[Variant "Standard"]

1. g3 {[%clk 0:02:57]}  Nf6 {[%clk 0:02:50]} 2. Bg2 {[%clk 0:02:56]}  g6 {[%clk 0:02:49]} 3. d4 {[%clk 0:02:55]}  Bg7 {[%clk 0:02:49]} 4. c4 {[%clk 0:02:51]}  d6 {[%clk 0:02:49]} 5. Nc3 {[%clk 0:02:50]}  O-O {[%clk 0:02:49]} 6. e4 {[%clk 0:02:50]}  Nbd7 {[%clk 0:02:49]} 7. Nf3 {[%clk 0:02:50]}  c6 {[%clk 0:02:49]} 8. O-O {[%clk 0:02:50]}  Qc7 {[%clk 0:02:46]} 9. Bf4 {[%clk 0:02:46]}  e5 {[%clk 0:02:32]} 10. dxe5 {[%clk 0:02:44]}  dxe5 {[%clk 0:02:33]} 11. Be3 {[%clk 0:02:44]}  a5 {[%clk 0:02:21]} 12. c5 {[%clk 0:02:33]}  Ng4 {[%clk 0:02:19]} 13. Qc1 {[%clk 0:02:29]}  Nxe3 {[%clk 0:02:18]} 14. Qxe3 {[%clk 0:02:28]}  a4 {[%clk 0:02:15]} 15. Nd2 {[%clk 0:02:23]}  Qa5 {[%clk 0:02:12]} 16. Nc4 {[%clk 0:02:22]}  Qxc5 {[%clk 0:02:06]} 17. Qxc5 {[%clk 0:02:17]}  Nxc5 {[%clk 0:02:07]} 18. Nb6 {[%clk 0:02:16]}  Ra6 {[%clk 0:01:56]} 19. Nxc8 {[%clk 0:02:14]}  Rxc8 {[%clk 0:01:57]} 20. Rac1 {[%clk 0:02:14]}  Ne6 {[%clk 0:01:54]} 21. Rfd1 {[%clk 0:02:12]}  Nd4 {[%clk 0:01:52]} 22. Rd2 {[%clk 0:02:11]}  a3 {[%clk 0:01:45]} 23. b3 {[%clk 0:02:09]}  Raa8 {[%clk 0:01:44]} 24. Ne2 {[%clk 0:02:09]}  Nxe2+ {[%clk 0:01:41]} 25. Rxe2 {[%clk 0:02:10]}  Rd8 {[%clk 0:01:41]} 26. Rc4 {[%clk 0:02:07]}  Rd1+ {[%clk 0:01:23]} 27. Bf1 {[%clk 0:02:06]}  Rad8 {[%clk 0:01:24]} 28. Kg2 {[%clk 0:02:01]}  Bf8 {[%clk 0:01:17]} 29. Ra4 {[%clk 0:01:55]}  Bc5 {[%clk 0:01:14]} 30. Rc2 {[%clk 0:01:51]}  Be7 {[%clk 0:00:56]} 31. Ra7 {[%clk 0:01:48]}  R8d7 {[%clk 0:00:56]} 32. Kf3 {[%clk 0:01:42]}  Rxf1 {[%clk 0:00:45]} 33. Ra8+ {[%clk 0:01:25]}  Kg7 {[%clk 0:00:44]} 0-1

[Event "April 9 Early 2024"]
[Site "Chess.com"]
[Date "2024.04.09"]
[Round "10"]
[White "Mena, Martin"]
[Black "Roberts, Tallulah"]
[Result "1-0"]
[Board "185"]
[WhiteFideId "10651225"]
[BlackFideId "15600572"]
[WhiteTitle "FM"]
[BlackTitle "WCM"]
[WhiteElo "2132"]
[BlackElo "1551"]
[WhiteTeam "EGY"]
[BlackTeam "JCI"]
[WhiteClock "0:00:58"]
[BlackClock "0:00:00"]
[Variant "Standard"]

1. c4 {[%clk 0:02:57]}  e5 {[%clk 0:02:58]} 2. g3 {[%clk 0:02:55]}  h5 {[%clk 0:02:55]} 3. Nc3 {[%clk 0:02:48]}  Bb4 {[%clk 0:02:51]} 4. Bg2 {[%clk 0:02:45]}  Bxc3 {[%clk 0:02:49]} 5. bxc3 {[%clk 0:02:45]}  h4 {[%clk 0:02:50]} 6. h3 {[%clk 0:02:43]}  d6 {[%clk 0:02:34]} 7. d3 {[%clk 0:02:40]}  c6 {[%clk 0:02:33]} 8. Nf3 {[%clk 0:02:39]}  hxg3 {[%clk 0:02:30]} 9. fxg3 {[%clk 0:02:39]}  Nd7 {[%clk 0:02:12]} 10. Be3 {[%clk 0:02:37]}  Nb6 {[%clk 0:01:59]} 11. a4 {[%clk 0:02:15]}  a5 {[%clk 0:01:57]} 12. Qb3 {[%clk 0:02:14]}  Nd7 {[%clk 0:01:52]} 13. O-O-O {[%clk 0:02:11]}  Ngf6 {[%clk 0:01:46]} 14. g4 {[%clk 0:02:01]}  Nc5 {[%clk 0:01:29]} 15. Bxc5 {[%clk 0:01:59]}  dxc5 {[%clk 0:01:29]} 16. Nxe5 {[%clk 0:01:59]}  O-O {[%clk 0:01:20]} 17. g5 {[%clk 0:01:51]}  Nh5 {[%clk 0:01:12]} 18. h4 {[%clk 0:01:44]}  Nf4 {[%clk 0:01:07]} 19. Bf3 {[%clk 0:01:43]}  Qc7 {[%clk 0:00:39]} 20. d4 {[%clk 0:01:39]}  Bf5 {[%clk 0:00:24]} 21. e4 {[%clk 0:01:31]}  Bh7 {[%clk 0:00:09]} 22. h5 {[%clk 0:01:28]}  Rfe8 {[%clk 0:00:06]} 23. g6 {[%clk 0:01:26]}  fxg6 {[%clk 0:00:06]} 24. hxg6 {[%clk 0:01:26]}  Bxg6 {[%clk 0:00:03]} 25. Nxg6 {[%clk 0:01:21]}  Nxg6 {[%clk 0:00:03]} 26. e5 {[%clk 0:01:20]}  Qf7 {[%clk 0:00:02]} 27. Bh5 {[%clk 0:01:02]}  Qf4+ {[%clk 0:00:00]} 28. Kb2 {[%clk 0:00:58]} 1-0

[Event "April 9 Early 2024"]
[Site "Chess.com"]
[Date "2024.04.09"]
[Round "10"]
[White "Huayhuas Robles, Laura Sofia"]
[Black "Kriti Mayur Patel"]
[Result "0-1"]
[Board "186"]
[WhiteFideId "3836517"]
[BlackFideId "35061780"]
[WhiteTitle "WCM"]
[BlackTitle "WCM"]
[WhiteElo "1813"]
[BlackElo "2161"]
[WhiteTeam "PER"]
[BlackTeam "IND"]
[WhiteClock "0:00:00"]
[BlackClock "0:01:08"]
[Variant "Standard"]

1. d4 {[%clk 0:03:00]}  d5 {[%clk 0:02:59]} 2. c4 {[%clk 0:03:01]}  e6 {[%clk 0:02:59]} 3. Nc3 {[%clk 0:03:01]}  Nf6 {[%clk 0:02:59]} 4. cxd5 {[%clk 0:03:02]}  exd5 {[%clk 0:03:00]} 5. Bg5 {[%clk 0:03:03]}  Be7 {[%clk 0:03:00]} 6. Nf3 {[%clk 0:03:03]}  O-O {[%clk 0:03:01]} 7. Qc2 {[%clk 0:03:04]}  Nbd7 {[%clk 0:02:59]} 8. e3 {[%clk 0:03:04]}  c6 {[%clk 0:02:59]} 9. Bd3 {[%clk 0:03:04]}  Re8 {[%clk 0:03:00]} 10. O-O {[%clk 0:03:05]}  Nf8 {[%clk 0:03:00]} 11. Rab1 {[%clk 0:03:04]}  g6 {[%clk 0:03:01]} 12. b4 {[%clk 0:03:03]}  Ne6 {[%clk 0:03:01]} 13. Bh4 {[%clk 0:03:03]}  b6 {[%clk 0:02:57]} 14. Ne5 {[%clk 0:02:59]}  Bb7 {[%clk 0:02:55]} 15. Rfc1 {[%clk 0:02:50]}  Rc8 {[%clk 0:02:55]} 16. a4 {[%clk 0:02:25]}  Qc7 {[%clk 0:02:44]} 17. Nxg6 {[%clk 0:01:20]}  fxg6 {[%clk 0:02:35]} 18. Bxg6 {[%clk 0:01:19]}  hxg6 {[%clk 0:02:30]} 19. Qxg6+ {[%clk 0:01:20]}  Ng7 {[%clk 0:02:29]} 20. Bxf6 {[%clk 0:01:18]}  Bxf6 {[%clk 0:02:28]} 21. Qxf6 {[%clk 0:01:19]}  Re6 {[%clk 0:02:26]} 22. Qg5 {[%clk 0:01:05]}  Rf8 {[%clk 0:02:23]} 23. Nxd5 {[%clk 0:01:01]}  Qf7 {[%clk 0:02:08]} 24. Nf4 {[%clk 0:00:59]}  Rf6 {[%clk 0:02:02]} 25. Rc3 {[%clk 0:00:28]}  Qa2 {[%clk 0:01:52]} 26. Rbc1 {[%clk 0:00:23]}  Qxa4 {[%clk 0:01:49]} 27. d5 {[%clk 0:00:09]}  cxd5 {[%clk 0:01:41]} 28. Nxd5 {[%clk 0:00:09]}  Bxd5 {[%clk 0:01:19]} 29. Qxd5+ {[%clk 0:00:10]}  Kh7 {[%clk 0:01:19]} 30. Qe4+ {[%clk 0:00:04]}  Kg8 {[%clk 0:01:13]} 31. Qd5+ {[%clk 0:00:04]}  Kh7 {[%clk 0:01:07]} 32. Qe4+ {[%clk 0:00:04]}  Kh8 {[%clk 0:01:07]} 33. Qh4+ {[%clk 0:00:02]}  Kg8 {[%clk 0:01:08]} 34. Qc4+ {[%clk 0:00:00]}  R6f7 {[%clk 0:01:08]} 0-1

[Event "April 9 Early 2024"]
[Site "Chess.com"]
[Date "2024.04.09"]
[Round "11"]
[White "Ilinca, Felix-Antonio"]
[Black "Tari, Aryan"]
[Result "0-1"]
[Board "35"]
[WhiteFideId "54764998"]
[BlackFideId "1510045"]
[WhiteTitle "FM"]
[BlackTitle "GM"]
[WhiteElo "2738"]
[BlackElo "2898"]
[WhiteTeam "ROU"]
[BlackTeam "NOR"]
[WhiteClock "0:00:31"]
[BlackClock "0:00:01"]
[Variant "Standard"]

1. d4 {[%clk 0:03:00]}  d5 {[%clk 0:02:48]} 2. Nc3 {[%clk 0:02:59]}  Nf6 {[%clk 0:02:41]} 3. Bf4 {[%clk 0:02:58]}  g6 {[%clk 0:02:39]} 4. e3 {[%clk 0:02:58]}  Bg7 {[%clk 0:02:39]} 5. h4 {[%clk 0:02:58]}  h5 {[%clk 0:02:39]} 6. Nf3 {[%clk 0:02:58]}  O-O {[%clk 0:02:39]} 7. Qd2 {[%clk 0:02:56]}  c5 {[%clk 0:02:37]} 8. dxc5 {[%clk 0:02:50]}  Qa5 {[%clk 0:02:35]} 9. Nb5 {[%clk 0:02:40]}  Qxd2+ {[%clk 0:02:30]} 10. Nxd2 {[%clk 0:02:41]}  Na6 {[%clk 0:02:26]} 11. O-O-O {[%clk 0:02:24]}  Ng4 {[%clk 0:02:04]} 12. Bg3 {[%clk 0:02:20]}  Bf5 {[%clk 0:02:03]} 13. Nd4 {[%clk 0:02:08]}  Nxc5 {[%clk 0:01:57]} 14. Nxf5 {[%clk 0:02:05]}  gxf5 {[%clk 0:01:58]} 15. Nb3 {[%clk 0:01:45]}  Ne4 {[%clk 0:01:52]} 16. Rxd5 {[%clk 0:01:39]}  Nxg3 {[%clk 0:01:43]} 17. fxg3 {[%clk 0:01:38]}  Nxe3 {[%clk 0:01:44]} 18. Rd3 {[%clk 0:01:37]}  Bh6 {[%clk 0:01:43]} 19. Kb1 {[%clk 0:01:35]}  Nxf1 {[%clk 0:01:22]} 20. Rxf1 {[%clk 0:01:35]}  e6 {[%clk 0:01:23]} 21. Nc5 {[%clk 0:01:31]}  b6 {[%clk 0:01:03]} 22. Nd7 {[%clk 0:01:31]}  Rfd8 {[%clk 0:00:44]} 23. Nf6+ {[%clk 0:01:30]}  Kh8 {[%clk 0:00:45]} 24. Rfd1 {[%clk 0:01:23]}  Rxd3 {[%clk 0:00:43]} 25. Rxd3 {[%clk 0:01:24]}  Kg7 {[%clk 0:00:10]} 26. Nxh5+ {[%clk 0:01:23]}  Kg6 {[%clk 0:00:11]} 27. Nf4+ {[%clk 0:01:22]}  Kf6 {[%clk 0:00:11]} 28. Rd7 {[%clk 0:01:13]}  Rg8 {[%clk 0:00:09]} 29. Rxa7 {[%clk 0:01:02]}  Bxf4 {[%clk 0:00:07]} 30. gxf4 {[%clk 0:01:02]}  Rxg2 {[%clk 0:00:08]} 31. a4 {[%clk 0:01:03]}  Rg4 {[%clk 0:00:07]} 32. b3 {[%clk 0:01:00]}  Rxf4 {[%clk 0:00:06]} 33. Rb7 {[%clk 0:01:00]}  Rxh4 {[%clk 0:00:07]} 34. Rxb6 {[%clk 0:01:00]}  f4 {[%clk 0:00:07]} 35. Rb4 {[%clk 0:00:55]}  e5 {[%clk 0:00:04]} 36. Rb6+ {[%clk 0:00:34]}  Kf5 {[%clk 0:00:04]} 37. Rb7 {[%clk 0:00:33]}  f6 {[%clk 0:00:04]} 38. Rg7 {[%clk 0:00:26]}  Rh1+ {[%clk 0:00:03]} 39. Kb2 {[%clk 0:00:26]}  f3 {[%clk 0:00:04]} 40. Rg3 {[%clk 0:00:23]}  Kf4 {[%clk 0:00:04]} 41. Rg6 {[%clk 0:00:23]}  f5 {[%clk 0:00:05]} 42. Rg1 {[%clk 0:00:23]}  Rxg1 {[%clk 0:00:05]} 43. a5 {[%clk 0:00:24]}  f2 {[%clk 0:00:05]} 44. b4 {[%clk 0:00:25]}  f1=Q {[%clk 0:00:06]} 45. b5 {[%clk 0:00:26]}  Qa1+ {[%clk 0:00:06]} 46. Kb3 {[%clk 0:00:27]}  Qxa5 {[%clk 0:00:07]} 47. Kc4 {[%clk 0:00:28]}  Qa4+ {[%clk 0:00:06]} 48. Kd5 {[%clk 0:00:29]}  Qxb5+ {[%clk 0:00:06]} 49. Ke6 {[%clk 0:00:29]}  Rc1 {[%clk 0:00:06]} 50. Kf7 {[%clk 0:00:30]}  Rxc2 {[%clk 0:00:06]} 51. Kf8 {[%clk 0:00:31]}  Rc7 {[%clk 0:00:06]} 52. Kg8 {[%clk 0:00:31]}  Qe8# {[%clk 0:00:01]} 0-1

[Event "April 9 Early 2024"]
[Site "Chess.com"]
[Date "2024.04.09"]
[Round "11"]
[White "Munoz, Francisco Javier"]
[Black "Urazayev, Arystanbek"]
[Result "1-0"]
[Board "37"]
[WhiteFideId "128368"]
[BlackFideId "13709810"]
[WhiteTitle "FM"]
[BlackTitle "IM"]
[WhiteElo "2701"]
[BlackElo "2869"]
[WhiteTeam "ARG"]
[BlackTeam "KAZ"]
[WhiteClock "0:00:08"]
[BlackClock "0:00:22"]
[Variant "Standard"]

1. e4 {[%clk 0:03:00]}  c5 {[%clk 0:01:54]} 2. Nc3 {[%clk 0:02:58]}  e6 {[%clk 0:01:55]} 3. d4 {[%clk 0:02:57]}  cxd4 {[%clk 0:01:55]} 4. Qxd4 {[%clk 0:02:58]}  Nc6 {[%clk 0:01:55]} 5. Qe3 {[%clk 0:02:58]}  Qb6 {[%clk 0:01:55]} 6. Qxb6 {[%clk 0:02:45]}  axb6 {[%clk 0:01:55]} 7. Bd3 {[%clk 0:02:45]}  Bc5 {[%clk 0:01:47]} 8. Nge2 {[%clk 0:02:44]}  Nge7 {[%clk 0:01:46]} 9. b3 {[%clk 0:02:44]}  O-O {[%clk 0:01:46]} 10. Bb2 {[%clk 0:02:44]}  f5 {[%clk 0:01:47]} 11. exf5 {[%clk 0:02:39]}  Nxf5 {[%clk 0:01:48]} 12. O-O {[%clk 0:02:36]}  Nfd4 {[%clk 0:01:39]} 13. Na4 {[%clk 0:02:23]}  Nxe2+ {[%clk 0:01:32]} 14. Bxe2 {[%clk 0:02:23]}  Bd4 {[%clk 0:01:33]} 15. Bxd4 {[%clk 0:02:21]}  Nxd4 {[%clk 0:01:34]} 16. Bd3 {[%clk 0:02:20]}  b5 {[%clk 0:01:34]} 17. Nc3 {[%clk 0:02:14]}  b4 {[%clk 0:01:34]} 18. Nb5 {[%clk 0:02:14]}  Nxb5 {[%clk 0:01:30]} 19. Bxb5 {[%clk 0:02:14]}  Ra5 {[%clk 0:01:30]} 20. Be2 {[%clk 0:02:04]}  d5 {[%clk 0:01:30]} 21. Rfc1 {[%clk 0:01:57]}  e5 {[%clk 0:01:26]} 22. c3 {[%clk 0:01:49]}  bxc3 {[%clk 0:01:25]} 23. Rxc3 {[%clk 0:01:50]}  Be6 {[%clk 0:01:18]} 24. Rc7 {[%clk 0:01:49]}  Rf7 {[%clk 0:01:18]} 25. Rxf7 {[%clk 0:01:27]}  Kxf7 {[%clk 0:01:18]} 26. b4 {[%clk 0:01:27]}  Ra3 {[%clk 0:01:18]} 27. Kf1 {[%clk 0:01:26]}  d4 {[%clk 0:01:18]} 28. Bf3 {[%clk 0:01:10]}  b6 {[%clk 0:01:17]} 29. Be4 {[%clk 0:01:03]}  Rxa2 {[%clk 0:01:09]} 30. Rxa2 {[%clk 0:00:57]}  Bxa2 {[%clk 0:01:09]} 31. Ke1 {[%clk 0:00:53]}  h6 {[%clk 0:01:08]} 32. h4 {[%clk 0:00:49]}  Ke6 {[%clk 0:01:07]} 33. g3 {[%clk 0:00:46]}  Bd5 {[%clk 0:01:07]} 34. Bh7 {[%clk 0:00:46]}  e4 {[%clk 0:01:07]} 35. Kd2 {[%clk 0:00:44]}  Ke5 {[%clk 0:01:07]} 36. Bg6 {[%clk 0:00:42]}  Be6 {[%clk 0:01:04]} 37. Be8 {[%clk 0:00:36]}  Kd5 {[%clk 0:01:03]} 38. Bg6 {[%clk 0:00:31]}  Ke5 {[%clk 0:00:58]} 39. Be8 {[%clk 0:00:30]}  Bf5 {[%clk 0:00:58]} 40. Bc6 {[%clk 0:00:28]}  Bh7 {[%clk 0:00:52]} 41. Bb7 {[%clk 0:00:27]}  Bg8 {[%clk 0:00:51]} 42. Bc6 {[%clk 0:00:23]}  Bc4 {[%clk 0:00:51]} 43. Be8 {[%clk 0:00:21]}  Kd6 {[%clk 0:00:49]} 44. Bg6 {[%clk 0:00:18]}  Bd5 {[%clk 0:00:49]} 45. Be8 {[%clk 0:00:17]}  Bb7 {[%clk 0:00:48]} 46. Bf7 {[%clk 0:00:12]}  g5 {[%clk 0:00:46]} 47. hxg5 {[%clk 0:00:10]}  hxg5 {[%clk 0:00:47]} 48. Bg8 {[%clk 0:00:10]}  Kc6 {[%clk 0:00:46]} 49. Bc4 {[%clk 0:00:10]}  Bc8 {[%clk 0:00:45]} 50. Be2 {[%clk 0:00:10]}  Kd5 {[%clk 0:00:44]} 51. Bb5 {[%clk 0:00:09]}  Bh3 {[%clk 0:00:39]} 52. Ba6 {[%clk 0:00:09]}  Ke5 {[%clk 0:00:36]} 53. Bb7 {[%clk 0:00:09]}  Be6 {[%clk 0:00:36]} 54. Bc6 {[%clk 0:00:09]}  Bf5 {[%clk 0:00:29]} 55. Bb7 {[%clk 0:00:09]}  Kf6 {[%clk 0:00:30]} 56. Bc6 {[%clk 0:00:08]}  Kg7 {[%clk 0:00:31]} 57. Be8 {[%clk 0:00:08]}  Kh6 {[%clk 0:00:23]} 58. Bf7 {[%clk 0:00:07]}  Bg6 {[%clk 0:00:20]} 59. Be6 {[%clk 0:00:07]}  Kh5 {[%clk 0:00:20]} 60. Ke2 {[%clk 0:00:06]}  g4 {[%clk 0:00:18]} 61. Bd7 {[%clk 0:00:06]}  Kg5 {[%clk 0:00:19]} 62. Be6 {[%clk 0:00:06]}  Bf5 {[%clk 0:00:19]} 63. Bf7 {[%clk 0:00:06]}  Kf6 {[%clk 0:00:20]} 64. Be8 {[%clk 0:00:06]}  Ke5 {[%clk 0:00:20]} 65. Bf7 {[%clk 0:00:06]}  Be6 {[%clk 0:00:20]} 66. Be8 {[%clk 0:00:06]}  Bc4+ {[%clk 0:00:20]} 67. Kd2 {[%clk 0:00:05]}  Kd5 {[%clk 0:00:20]} 68. Bf7+ {[%clk 0:00:05]}  Ke5 {[%clk 0:00:18]} 69. Bxc4 {[%clk 0:00:06]}  Kd6 {[%clk 0:00:19]} 70. Be2 {[%clk 0:00:06]}  Ke5 {[%clk 0:00:19]} 71. Bxg4 {[%clk 0:00:06]}  Kf6 {[%clk 0:00:20]} 72. Be2 {[%clk 0:00:06]}  Ke5 {[%clk 0:00:21]} 73. Bb5 {[%clk 0:00:07]}  Kf6 {[%clk 0:00:21]} 74. Bc6 {[%clk 0:00:07]}  Ke5 {[%clk 0:00:22]} 75. Bb7 {[%clk 0:00:08]}  e3+ {[%clk 0:00:22]} 76. fxe3 {[%clk 0:00:08]} 1-0

[Event "April 9 Early 2024"]
[Site "Chess.com"]
[Date "2024.04.09"]
[Round "11"]
[White "Rustemov, Alexander"]
[Black "Tigran Mukhutdinov"]
[Result "1-0"]
[Board "38"]
[WhiteFideId "4119002"]
[BlackFideId "34108570"]
[WhiteTitle "GM"]
[BlackTitle "FM"]
[WhiteElo "2853"]
[BlackElo "2699"]
[WhiteTeam "RUS"]
[BlackTeam "RUS"]
[WhiteClock "0:00:55"]
[BlackClock "0:00:31"]
[Variant "Standard"]

1. d4 {[%clk 0:03:00]}  Nf6 {[%clk 0:02:58]} 2. c4 {[%clk 0:03:01]}  d6 {[%clk 0:02:59]} 3. Nf3 {[%clk 0:03:01]}  Nbd7 {[%clk 0:02:59]} 4. g3 {[%clk 0:03:01]}  e5 {[%clk 0:02:59]} 5. Bg2 {[%clk 0:03:01]}  Be7 {[%clk 0:02:59]} 6. Nc3 {[%clk 0:03:00]}  O-O {[%clk 0:02:59]} 7. O-O {[%clk 0:03:00]}  c6 {[%clk 0:03:00]} 8. e4 {[%clk 0:03:00]}  a6 {[%clk 0:02:59]} 9. Re1 {[%clk 0:02:56]}  b5 {[%clk 0:02:59]} 10. c5 {[%clk 0:02:56]}  Qc7 {[%clk 0:02:55]} 11. cxd6 {[%clk 0:02:45]}  Bxd6 {[%clk 0:02:56]} 12. h3 {[%clk 0:02:38]}  Re8 {[%clk 0:02:55]} 13. Be3 {[%clk 0:02:38]}  Bb7 {[%clk 0:02:54]} 14. Rc1 {[%clk 0:02:33]}  Rad8 {[%clk 0:02:54]} 15. Qc2 {[%clk 0:02:28]}  exd4 {[%clk 0:02:50]} 16. Nxd4 {[%clk 0:02:23]}  Ne5 {[%clk 0:02:49]} 17. Nf5 {[%clk 0:02:21]}  Nc4 {[%clk 0:02:40]} 18. Nxd6 {[%clk 0:02:16]}  Qxd6 {[%clk 0:02:35]} 19. Bf4 {[%clk 0:02:11]}  Qd3 {[%clk 0:02:29]} 20. b3 {[%clk 0:02:00]}  Qxc2 {[%clk 0:02:26]} 21. Rxc2 {[%clk 0:02:01]}  Ne5 {[%clk 0:02:26]} 22. Bxe5 {[%clk 0:01:56]}  Rxe5 {[%clk 0:02:27]} 23. f4 {[%clk 0:01:56]}  Rc5 {[%clk 0:02:13]} 24. Rec1 {[%clk 0:01:50]}  Ne8 {[%clk 0:01:47]} 25. e5 {[%clk 0:01:48]}  f6 {[%clk 0:01:46]} 26. Ne4 {[%clk 0:01:44]}  Rxc2 {[%clk 0:01:46]} 27. Rxc2 {[%clk 0:01:44]}  fxe5 {[%clk 0:01:30]} 28. fxe5 {[%clk 0:01:45]}  Nc7 {[%clk 0:01:23]} 29. Nd6 {[%clk 0:01:43]}  Ba8 {[%clk 0:01:20]} 30. Bxc6 {[%clk 0:01:43]}  Ne6 {[%clk 0:01:13]} 31. Bxa8 {[%clk 0:01:37]}  Rxa8 {[%clk 0:01:14]} 32. Kf2 {[%clk 0:01:33]}  Nd4 {[%clk 0:01:12]} 33. Rc7 {[%clk 0:01:30]}  b4 {[%clk 0:01:09]} 34. Ke3 {[%clk 0:01:30]}  Nb5 {[%clk 0:01:08]} 35. Rd7 {[%clk 0:01:24]}  Nc3 {[%clk 0:01:07]} 36. e6 {[%clk 0:01:22]}  Nd5+ {[%clk 0:01:04]} 37. Kd4 {[%clk 0:01:20]}  Nf6 {[%clk 0:01:03]} 38. Rb7 {[%clk 0:01:10]}  a5 {[%clk 0:00:57]} 39. e7 {[%clk 0:01:06]}  Ne8 {[%clk 0:00:49]} 40. Ke5 {[%clk 0:01:04]}  Nxd6 {[%clk 0:00:48]} 41. Kxd6 {[%clk 0:01:04]}  Kf7 {[%clk 0:00:48]} 42. e8=Q+ {[%clk 0:01:01]}  Kxe8 {[%clk 0:00:48]} 43. Rxg7 {[%clk 0:01:02]}  Ra6+ {[%clk 0:00:48]} 44. Kc5 {[%clk 0:01:01]}  h5 {[%clk 0:00:31]} 45. Kb5 {[%clk 0:00:55]} 1-0

[Event "April 9 Early 2024"]
[Site "Chess.com"]
[Date "2024.04.09"]
[Round "11"]
[White "Rustamov, Rustam"]
[Black "Arslanov, Shamil"]
[Result "1/2-1/2"]
[Board "41"]
[WhiteFideId "13440110"]
[BlackFideId "4192826"]
[WhiteTitle "FM"]
[BlackTitle "IM"]
[WhiteElo "2818"]
[BlackElo "2655"]
[WhiteTeam "AZE"]
[BlackTeam "RUS"]
[WhiteClock "0:00:20"]
[BlackClock "0:00:05"]
[Variant "Standard"]

1. e4 {[%clk 0:03:00]}  d5 {[%clk 0:02:56]} 2. exd5 {[%clk 0:03:00]}  Nf6 {[%clk 0:02:55]} 3. d4 {[%clk 0:03:01]}  Bg4 {[%clk 0:02:55]} 4. Bb5+ {[%clk 0:03:00]}  c6 {[%clk 0:02:49]} 5. dxc6 {[%clk 0:02:57]}  Nxc6 {[%clk 0:02:49]} 6. Nf3 {[%clk 0:02:48]}  e6 {[%clk 0:02:42]} 7. O-O {[%clk 0:02:44]}  Qd5 {[%clk 0:02:37]} 8. c4 {[%clk 0:02:37]}  Qh5 {[%clk 0:02:35]} 9. h3 {[%clk 0:02:18]}  Bxf3 {[%clk 0:01:14]} 10. Qxf3 {[%clk 0:02:18]}  Qxf3 {[%clk 0:01:14]} 11. gxf3 {[%clk 0:02:19]}  O-O-O {[%clk 0:01:15]} 12. Bxc6 {[%clk 0:02:19]}  bxc6 {[%clk 0:01:15]} 13. Be3 {[%clk 0:02:19]}  Bb4 {[%clk 0:00:56]} 14. Nc3 {[%clk 0:02:19]}  Rd7 {[%clk 0:00:56]} 15. Ne4 {[%clk 0:02:18]}  Rhd8 {[%clk 0:00:55]} 16. Rfd1 {[%clk 0:02:17]}  Ne8 {[%clk 0:00:52]} 17. a3 {[%clk 0:02:09]}  Be7 {[%clk 0:00:47]} 18. Rdc1 {[%clk 0:02:03]}  f5 {[%clk 0:00:46]} 19. Ng5 {[%clk 0:01:52]}  Bxg5 {[%clk 0:00:28]} 20. Bxg5 {[%clk 0:01:52]}  Nf6 {[%clk 0:00:28]} 21. d5 {[%clk 0:01:52]}  exd5 {[%clk 0:00:18]} 22. cxd5 {[%clk 0:01:50]}  Rxd5 {[%clk 0:00:19]} 23. Bxf6 {[%clk 0:01:43]}  gxf6 {[%clk 0:00:20]} 24. Rxc6+ {[%clk 0:01:43]}  Kb7 {[%clk 0:00:08]} 25. Rxf6 {[%clk 0:01:42]}  Rg8+ {[%clk 0:00:05]} 26. Kf1 {[%clk 0:01:42]}  Rd2 {[%clk 0:00:05]} 27. b4 {[%clk 0:01:40]}  Rg5 {[%clk 0:00:04]} 28. f4 {[%clk 0:01:38]}  Rh5 {[%clk 0:00:04]} 29. Kg2 {[%clk 0:01:37]}  Rd3 {[%clk 0:00:03]} 30. f3 {[%clk 0:01:36]}  Rd2+ {[%clk 0:00:02]} 31. Kg3 {[%clk 0:01:35]}  Rd8 {[%clk 0:00:02]} 32. Re1 {[%clk 0:01:34]}  Rg8+ {[%clk 0:00:03]} 33. Kh2 {[%clk 0:01:33]}  Rg7 {[%clk 0:00:04]} 34. a4 {[%clk 0:01:27]}  Rh4 {[%clk 0:00:04]} 35. Rxf5 {[%clk 0:01:27]}  Rh6 {[%clk 0:00:05]} 36. Rg5 {[%clk 0:01:27]}  Rf7 {[%clk 0:00:05]} 37. Kg3 {[%clk 0:01:26]}  Rhf6 {[%clk 0:00:05]} 38. Re4 {[%clk 0:01:27]}  Rc6 {[%clk 0:00:06]} 39. b5 {[%clk 0:01:26]}  Rc1 {[%clk 0:00:06]} 40. a5 {[%clk 0:01:26]}  Ra1 {[%clk 0:00:06]} 41. a6+ {[%clk 0:01:26]}  Kb6 {[%clk 0:00:06]} 42. Re6+ {[%clk 0:01:26]}  Ka5 {[%clk 0:00:04]} 43. h4 {[%clk 0:01:20]}  Rg1+ {[%clk 0:00:04]} 44. Kf2 {[%clk 0:01:20]}  Rh1 {[%clk 0:00:03]} 45. h5 {[%clk 0:01:18]}  Rxf4 {[%clk 0:00:03]} 46. Re7 {[%clk 0:01:05]}  Rb4 {[%clk 0:00:02]} 47. Rc7 {[%clk 0:01:02]}  Rxb5 {[%clk 0:00:02]} 48. Rxb5+ {[%clk 0:01:00]}  Kxb5 {[%clk 0:00:02]} 49. Rxh7 {[%clk 0:01:00]}  Kxa6 {[%clk 0:00:03]} 50. Kg2 {[%clk 0:01:01]}  Rh4 {[%clk 0:00:03]} 51. Kg3 {[%clk 0:01:01]}  Rh1 {[%clk 0:00:04]} 52. f4 {[%clk 0:01:02]}  Kb6 {[%clk 0:00:04]} 53. Kg4 {[%clk 0:01:02]}  a5 {[%clk 0:00:05]} 54. Rh8 {[%clk 0:01:02]}  Kb7 {[%clk 0:00:04]} 55. Rh7+ {[%clk 0:01:03]}  Kb6 {[%clk 0:00:04]} 56. Re7 {[%clk 0:01:01]}  a4 {[%clk 0:00:04]} 57. Re3 {[%clk 0:01:00]}  Kc5 {[%clk 0:00:02]} 58. Kg5 {[%clk 0:00:59]}  Rg1+ {[%clk 0:00:02]} 59. Kf5 {[%clk 0:00:56]}  Rh1 {[%clk 0:00:02]} 60. Kg6 {[%clk 0:00:52]}  Rg1+ {[%clk 0:00:02]} 61. Kh6 {[%clk 0:00:53]}  Kd4 {[%clk 0:00:03]} 62. Ra3 {[%clk 0:00:52]}  Ke4 {[%clk 0:00:04]} 63. Rxa4+ {[%clk 0:00:51]}  Kf5 {[%clk 0:00:04]} 64. Rd4 {[%clk 0:00:49]}  Kf6 {[%clk 0:00:04]} 65. Rd5 {[%clk 0:00:49]}  Rg2 {[%clk 0:00:04]} 66. Rg5 {[%clk 0:00:48]}  Ra2 {[%clk 0:00:04]} 67. Rg6+ {[%clk 0:00:48]}  Kf7 {[%clk 0:00:05]} 68. f5 {[%clk 0:00:48]}  Rf2 {[%clk 0:00:04]} 69. Kg5 {[%clk 0:00:37]}  Rg2+ {[%clk 0:00:05]} 70. Kf4 {[%clk 0:00:38]}  Rf2+ {[%clk 0:00:05]} 71. Kg4 {[%clk 0:00:37]}  Rg2+ {[%clk 0:00:05]} 72. Kf3 {[%clk 0:00:36]}  Rh2 {[%clk 0:00:06]} 73. h6 {[%clk 0:00:37]}  Rh1 {[%clk 0:00:07]} 74. Rc6 {[%clk 0:00:31]}  Rf1+ {[%clk 0:00:06]} 75. Kg4 {[%clk 0:00:31]}  Rg1+ {[%clk 0:00:06]} 76. Kf4 {[%clk 0:00:32]}  Rf1+ {[%clk 0:00:07]} 77. Ke5 {[%clk 0:00:31]}  Re1+ {[%clk 0:00:07]} 78. Kd4 {[%clk 0:00:32]}  Rd1+ {[%clk 0:00:08]} 79. Ke3 {[%clk 0:00:32]}  Re1+ {[%clk 0:00:08]} 80. Kf3 {[%clk 0:00:31]}  Rf1+ {[%clk 0:00:08]} 81. Kg4 {[%clk 0:00:29]}  Rg1+ {[%clk 0:00:08]} 82. Kh3 {[%clk 0:00:30]}  Rh1+ {[%clk 0:00:08]} 83. Kg3 {[%clk 0:00:30]}  Rg1+ {[%clk 0:00:08]} 84. Kf2 {[%clk 0:00:30]}  Rh1 {[%clk 0:00:07]} 85. Rc7+ {[%clk 0:00:28]}  Kf6 {[%clk 0:00:07]} 86. Kg3 {[%clk 0:00:19]}  Kxf5 {[%clk 0:00:05]} 87. h7 {[%clk 0:00:19]}  Kg6 {[%clk 0:00:05]} 88. Kg2 {[%clk 0:00:20]}  Rxh7 {[%clk 0:00:05]} 89. Rxh7 {[%clk 0:00:20]}  Kxh7 {[%clk 0:00:05]} 1/2-1/2